Wet freeze-drying of muscle

Elmentve itt :
Bibliográfiai részletek
Szerzők: Mueller Helmut
Szent-Györgyi Albert
Dokumentumtípus: Cikk
Megjelent: American Association for the Advancement of Science Washington, D.C. 1957-11-08
Sorozat:Science 126 No. 3280
Kulcsszavak:Izom
Online Access:http://misc.bibl.u-szeged.hu/73878
LEADER 00713nab a2200193 i 4500
001 misc73878
005 20241018111039.0
008 240117s1957 hu o 000 eng d
040 |a SZTE Miscellanea Repozitórium  |b hun 
041 |a eng 
100 1 |a Mueller Helmut 
245 1 0 |a Wet freeze-drying of muscle  |h [elektronikus dokumentum] /  |c  Mueller Helmut 
260 |a American Association for the Advancement of Science  |b Washington, D.C.  |c 1957-11-08 
300 |a 970-971 
490 0 |a Science  |v 126 No. 3280 
561 |a Szent-Györgyi Albert tudományos és egyéb írásai 
695 |a Izom 
700 0 2 |a Szent-Györgyi Albert  |e aut 
856 4 0 |u http://misc.bibl.u-szeged.hu/73878/1/szgya_magyar_254.pdf  |z Dokumentum-elérés